000 00424nab a2200145Ia 4500
003 ES-SlBCS
005 20210601133828.0
008 140529s1994 xxu||||| |||| 00| 0 por d
041 _apor
100 1 _aZimmermann, Erwin
_9210266
245 0 2 _aA moral dos negócios
_c Erwin Zimmermann
650 0 4 _aMoral Empresarial
_9210267
773 0 _tPresença Filosofica
_gvol. 19, nº. 1-2, 1994, págs. 37-38
_wRev966
942 _cAR
999 _c602769
_d602769